[Event "Como Primavera op 7th"]
[Site "Como"]
[Date "2012.05.19"]
[Round "5"]
[White "Casarola, Andrea"]
[Black "Panzetta, Vieri"]
[Result "1/2-1/2"]
[WhiteElo "1284"]
[BlackElo "1459"]
[PlyCount "83"]
[EventDate "2012.04.19"]
[EventType "swiss"]
[EventRounds "7"]
[EventCountry "ITA"]
[SourceTitle "EXT 2024"]
[Source "ChessBase"]
[SourceDate "2023.10.10"]
[SourceVersion "1"]
[SourceVersionDate "2023.10.10"]
[SourceQuality "1"]

1. d4 d5 2. Nf3 Nc6 3. e3 Bg4 4. c3 e6 5. Bd3 Qf6 6. Nbd2 e5 7. 0-0 e4 8. h3 Bxf3 9. Nxf3 exf3 10. Qxf3 Qxf3 11. gxf3 Nf6 12. e4 dxe4 13. Bxe4 Nxe4 14. fxe4 Be7 15. Bf4 Rc8 16. Rad1 0-0 17. d5 Nb8 18. Bxc7 Rxc7 19. d6 Bxd6 20. Rxd6 Nc6 21. Rfd1 Rcc8 22. Rd7 Rcd8 23. R1d5 Rxd7 24. Rxd7 Rd8 25. Rxd8+ Nxd8 26. b4 a6 27. a4 b5 28. axb5 axb5 29. Kf1 Kf8 30. Ke1 Ke7 31. Kd2 Kd6 32. c4 bxc4 33. Kc3 Kc6 34. Kxc4 Kb6 35. Kd5 Kb5 36. Kd6 Kxb4 37. Ke7 Kc4 38. Kxd8 Kd4 39. f3 Ke3 40. Ke7 Kxf3 41. Kxf7 Kxe4 42. Kxg7 1/2-1/2